Animal growth and development (Record no. 84235)

MARC details
000 -LEADER
fixed length control field 00660nam a2200157 a 4500
008 - FIXED-LENGTH DATA ELEMENTS--GENERAL INFORMATION
fixed length control field 120416s1963 ||||||||||||||||| || u
050 ## - LIBRARY OF CONGRESS CALL NUMBER
Classification number QL 957 Moo
100 ## - MAIN ENTRY--PERSONAL NAME
Personal name Moog, Florence
245 10 - TITLE STATEMENT
Title Animal growth and development
260 ## - PUBLICATION, DISTRIBUTION, ETC.
Place of publication, distribution, etc. Boston
Name of publisher, distributor, etc. D. C. Heath
Date of publication, distribution, etc. 1963
350 ## -
-- 0.00
650 ## - SUBJECT ADDED ENTRY--TOPICAL TERM
Topical term or geographic name entry element ANIMALS
650 ## - SUBJECT ADDED ENTRY--TOPICAL TERM
Topical term or geographic name entry element ANIMAL GROWTH AND DEVELOPMENT
995 ## -
-- BINDERY (DAMAGED)
-- 0.00
-- 716501
-- CBU-MAIN LIBRARY (Kitwe)
-- 2
-- 2.25
-- QL 957 Moo
-- DAMAGED
-- 015081
-- Main Library Open Access Collection
995 ## -
-- BINDERY (DAMAGED)
-- 0.00
-- 716502
-- CBU-MAIN LIBRARY (Kitwe)
-- 1
-- 2.25
-- QL 957 Moo
-- 1
-- DAMAGED
-- Mar 21, 2007
-- 015082
-- Main Library Open Access Collection
999 ## -
-- 84235
-- 84235
Holdings
Withdrawn status Lost status Source of classification or shelving scheme Damaged status Not for loan Permanent Location Current Location Shelving location Date acquired Total Checkouts Full call number Barcode Date last seen Copy number Price effective from Koha item type
          CBU-MAIN LIBRARY, KITWE. CBU-MAIN LIBRARY, KITWE.   01/25/2024   QL 957 Moo 015081 01/25/2024 1 01/25/2024 MONOGRAPH
          CBU-MAIN LIBRARY, KITWE. CBU-MAIN LIBRARY, KITWE.   01/25/2024   QL 957 Moo 015082 01/25/2024 2 01/25/2024 MONOGRAPH